Loading...
History - American History | 0 | 4 | 0 | 0 | 40 | 72 | 85.50 | 0 | 3 |
Literature - American Literature | 0 | 2 | 0 | 0 | 20 | 97 | 103.00 | 1 | 2 |
History - Ancient History | 0 | 2 | 0 | 0 | 20 | 101 | 115.00 | 0 | 2 |
History - European History | 0 | 2 | 0 | 2 | 20 | 120 | 122.00 | 0 | 1 |
Current Events | 0 | 2 | 1 | 0 | 15 | 56 | 63.00 | 1 | 2 |
Beliefs | 0 | 2 | 1 | 0 | 15 | 95 | 105.00 | 0 | 1 |
Social Science | 0 | 1 | 0 | 0 | 10 | 81 | 81.00 | 0 | 1 |
History - Other History | 0 | 1 | 0 | 0 | 10 | 70 | 70.00 | 0 | 1 |
History - World History | 0 | 1 | 0 | 0 | 10 | 106 | 106.00 | 0 | 0 |
Literature - British Literature | 0 | 1 | 0 | 0 | 10 | 91 | 91.00 | 0 | 1 |
Science - Biology | 0 | 1 | 0 | 0 | 10 | 89 | 89.00 | 0 | 1 |
Science - Other Science | 0 | 1 | 0 | 1 | 10 | 116 | 116.00 | 0 | 1 |
Science - Chemistry | 0 | 1 | 1 | 1 | 5 | 125 | 125.00 | 0 | 0 |
Fine Arts - Other Arts | 0 | 0 | 0 | 0 | 0 | 0.00 | 0 | 0 |